000 00706nam a2200265 i 4500
001 C2-0290497
003 PPAK
005 20180728023003.0
008 081008s2002 my |||| ||||| | may d
020 _a9679353389
040 _aPPAK
_beng
_cPPAK
_erda
082 0 4 _a899.232
_223
090 0 0 _a899.232
_bMOH
_dG
100 0 _aMohd. Radzi Bramsa,
_eauthor
245 1 0 _aPutus
264 1 _aPetaling Jaya, Selangor :
_bUni-Text Distributors ,
_c2002
300 _a80 pages ;
_c22 cm
336 _2rdacontent
_atext
337 _2rdamedia
_aunmediated
338 _2rdacarrier
_avolume
490 1 _aSiri kumpulan drama
650 1 0 _aMalay drama.
830 0 _aSiri kumpulan drama
942 _ddc
_cB
999 _c95737
_d95737